| 000 | 01187 a2200169 4500 | ||
|---|---|---|---|
| 003 | NUST | ||
| 005 | 20221214172342.0 | ||
| 040 | _cNust | ||
| 082 | _a317.2,TEA | ||
| 100 |
_aBarnett.P.A _9104876 |
||
| 245 |
_aTeaching and Organisation : _bA Manual of Practice / _c Edited by P.A. Barnett |
||
| 260 |
_alondon _blongmans Green _c1916 |
||
| 300 | _axix, 418:p.; | ||
| 505 | _aThe Criteria in Education (Page-1), Organization and Curricula (Page-14), The Kindergarten (Page-34), Reading and Speaking (Page-45), Writing (Page-56), Drawing (Page-63), Mathematics (Page-78), Mathematics (Page-79), On the Teaching of English Grammar (Page-98), English Literature (Page-136), Modern History (Page-161), Ancient History (Page-180), Geography (Page-199), Classical Teaching (Page-211), Classical Teaching (Page-214), The Teaching of Modern Languages (Page-261), Vocal Music (Page-281), Ineffectiveness’ in Teaching (Page-313), Specialisation (Page-332), School Libraries (Page-344), Health and Physical Culture (Page-356), Furniture Apparatus and Appliances (Page-384), Organisation and Curricula in Girls Schools (Page-398). | ||
| 650 |
_a Organisation _9104877 |
||
| 942 |
_2ddc _cBK _k317.2,TEA |
||
| 999 |
_c184880 _d184880 |
||